000 00247nam a2200097Ia 4500
001 687090
005 20250826161549.0
008 250824s9999 xx 000 0 und d
245 0 _aALPEREN OYUNUN SONU
_cİSMAİL BİLGİN
260 _bTİMAŞ YAYINLARI
999 _c687090
_d687090